00318nam a2200145Ia 4500008004000000041000800040082001200048100001400060245002700074260003200101650001200133650000700145650001000152650001000162210210b1947 xxu||||| |||| 00| 0 eng d aeng a829/820 aOHARA (M) aGreen grass of wyoming aLondonbNot Mentionedc1947 awyoming aof aGreen agrass